000 00549nam a22001457a 4500
005 20241217091523.0
008 241001b |||||||| |||| 00| 0 eng d
082 _2DPer050 M72 January-March 2018 v. 66 no. 8-10
100 _aMatre, Jojo A.
_eauthor.
_961886
245 _aReading as a gradually developing skill /
_cJojo A. Matre.
260 _aPhilippines;
_bPublishers Association of the Philippines, Inc.,
_cNovember 2018.
300 _aVolume 66, pages 212-213,
_billustration.
700 _aMatre, Jojo A.
_eauthor.
_961887
942 _2ddc
_cPER
999 _c22049
_d22049